书目信息 |
| 题名: |
对话世界一流大学图书馆馆长
|
|
| 作者: | 卢敬之 采访整理 ;程鑫 , 冯佳 , 徐红霞 译 | |
| 分册: | ||
| 出版信息: | 北京 国家图书馆出版社 2024.06 |
|
| 页数: | 381页 | |
| 开本: | 24cm | |
| 丛书名: | 图书馆学译丛 | |
| 单 册: | ||
| 中图分类: | G251.6 | |
| 科图分类: | ||
| 主题词: | 院校图书馆--图书馆馆长--访问记--世界--现代 | |
| 电子资源: | ||
| ISBN: | 978-7-5013-7600-1 | |
| 000 | 01525oam2 2200301 450 | |
| 001 | 012754696 | |
| 005 | 20251022190320.46 | |
| 010 | @a978-7-5013-7600-1@dCNY199.00 | |
| 100 | @a20241009d2024 em y0chiy0120 ea | |
| 101 | 1 | @achi@ceng |
| 102 | @aCN@b110000 | |
| 105 | @aa z 001yy | |
| 106 | @ar | |
| 200 | 1 | @a对话世界一流大学图书馆馆长@9dui hua shi jie yi liu da xue tu shu guan guan chang@dConversations with leading academic and research library directors@eintemnational perspectives on library management@f卢敬之[等]采访整理@g程鑫,冯佳,徐红霞译@zeng |
| 210 | @a北京@c国家图书馆出版社@d2024.06 | |
| 215 | @a381页@c彩图@d24cm | |
| 225 | 1 | @a图书馆学译丛 |
| 330 | @a本书由30位来自世界著名大学和科研机构图书馆的馆长接受了访谈,访谈问题包括个人职业成长、图书馆管理理念、领导和管理风格、馆长的日常职责和工作、所在图书馆的馆藏与服务、图书馆行业面临的挑战及其应对与思考。这些图书馆遍布全球,包括美国、英国、德国、荷兰、瑞典、新西兰、中国、新加坡、俄罗斯等。这30位杰出的管理者详细分享了他们的故事,以及他们对图书馆事业的深刻理解。 | |
| 461 | 0 | @12001 @a图书馆学译丛 |
| 510 | 1 | @aConversations with leading academic and research library directors@eintemnational perspectives on library management@zeng |
| 606 | 0 | @a院校图书馆@x图书馆馆长@x访问记@y世界@z现代 |
| 690 | @aG251.6@v5 | |
| 701 | 0 | @a卢敬之@9lu jing zhi@4采访整理 |
| 702 | 0 | @a程鑫@9cheng xin@4译 |
| 702 | 0 | @a冯佳@9feng jia@4译 |
| 702 | 0 | @a徐红霞@9xu hong xia@4译 |
| 801 | 0 | @aCN@c20250910 |
| 905 | @a河南城建学院图书馆@dG251@eL785@ZL785@f1 | |
| 对话世界一流大学图书馆馆长=Conversations with leading academic and research library directors:intemnational perspectives on library management/卢敬之[等]采访整理/程鑫,冯佳,徐红霞译.-北京:国家图书馆出版社,2024.06 |
| 381页:彩图;24cm.-(图书馆学译丛) |
| ISBN 978-7-5013-7600-1:CNY199.00 |
| 本书由30位来自世界著名大学和科研机构图书馆的馆长接受了访谈,访谈问题包括个人职业成长、图书馆管理理念、领导和管理风格、馆长的日常职责和工作、所在图书馆的馆藏与服务、图书馆行业面临的挑战及其应对与思考。这些图书馆遍布全球,包括美国、英国、德国、荷兰、瑞典、新西兰、中国、新加坡、俄罗斯等。这30位杰出的管理者详细分享了他们的故事,以及他们对图书馆事业的深刻理解。 |
| ● |
| 相关链接 |
|
|
|
正题名:对话世界一流大学图书馆馆长
索取号:G251/L785
 
预约/预借
| 序号 | 登录号 | 条形码 | 馆藏地/架位号 | 状态 | 备注 |
| 1 | 1633409 | 216334090 | 社科库409/409社科库 59排2列2层/ [索取号:G251/L785] | 在馆 |